Эффективность государственного планирования в условиях рыночной экономики; Прогрессивные технологии и экономика в машиностроении

Bibliografiske detaljer
Parent link:Прогрессивные технологии и экономика в машиностроении.— 2003.— С. 293-294
Hovedforfatter: Стариков Г. И.
Andre forfattere: Быков С. Н.
Sprog:russisk
Udgivet: 2003
Fag:
Format: MixedMaterials Book Chapter
KOHA link:https://koha.lib.tpu.ru/cgi-bin/koha/opac-detail.pl?biblionumber=112034

MARC

LEADER 00000naa2a2200000 4500
001 112034
005 20231031121115.0
035 |a (RuTPU)RU\TPU\book\121042 
090 |a 112034 
100 |a 20070322d2003 k y0rusy50 ca 
101 0 |a rus 
102 |a RU 
200 1 |a Эффективность государственного планирования в условиях рыночной экономики  |f Г. И. Стариков, С. Н. Быков 
463 0 |0 (RuTPU)RU\TPU\book\63552  |y 5-98298-035-8  |t Прогрессивные технологии и экономика в машиностроении  |o Труды Всероссийской научно-практической конференции, Юрга, 24-25 апреля 2003 г.  |f Томский политехнический университет; Филиал ТПУ в Юрге; Отв. ред. Б. Г. Долгун  |v С. 293-294  |d 2003  |p 374 с. 
610 1 |a планирование 
610 1 |a государственное планирование 
610 1 |a рыночная экономика 
610 1 |a эффективность 
610 1 |a планомерность 
610 1 |a труды учёных ТПУ 
700 1 |a Стариков  |b Г. И. 
701 1 |a Быков  |b С. Н. 
801 1 |a RU  |b 63413507  |c 20070322  |g PSBO 
942 |c BK